Microsoft Office 2007 : (Record no. 300898)
[ view plain ]
| 000 -LEADER | |
|---|---|
| fixed length control field | 01018nam a2200313Ia 4500 |
| 008 - FIXED-LENGTH DATA ELEMENTS--GENERAL INFORMATION | |
| fixed length control field | 160901s9999 xx 000 0 und d |
| 020 ## - INTERNATIONAL STANDARD BOOK NUMBER | |
| International Standard Book Number | 978-1-4188-4332-8 |
| 050 ## - LIBRARY OF CONGRESS CALL NUMBER | |
| Classification number | ComSc HF 5548.4 |
| 050 ## - LIBRARY OF CONGRESS CALL NUMBER | |
| Item number | .M525S54 2008 |
| 100 ## - MAIN ENTRY--PERSONAL NAME | |
| Personal name | Shelly, Gary B. |
| 245 ## - TITLE STATEMENT | |
| Title | Microsoft Office 2007 : |
| 245 ## - TITLE STATEMENT | |
| Remainder of title | post-advanced concepts and techniques / |
| 245 ## - TITLE STATEMENT | |
| Statement of responsibility, etc | Gary B. Shelly, Thomas J. Cashman, Misty E. Vermaat; contributing authors Mary Z. Last… [et al] |
| 260 ## - PUBLICATION, DISTRIBUTION, ETC. (IMPRINT) | |
| Place of publication, distribution, etc | Boston, MA : |
| 260 ## - PUBLICATION, DISTRIBUTION, ETC. (IMPRINT) | |
| Name of publisher, distributor, etc | Thomson Course Tech., |
| 260 ## - PUBLICATION, DISTRIBUTION, ETC. (IMPRINT) | |
| Date of publication, distribution, etc | 2008 |
| 300 ## - PHYSICAL DESCRIPTION | |
| Extent | QR 58 pages : |
| 300 ## - PHYSICAL DESCRIPTION | |
| Other physical details | col. ill. ; |
| 300 ## - PHYSICAL DESCRIPTION | |
| Dimensions | 58 cm. |
| 440 ## - SERIES STATEMENT/ADDED ENTRY--TITLE | |
| Title | Shelly Cashman Series. |
| 500 ## - GENERAL NOTE | |
| General note | Includes index. |
| 650 ## - SUBJECT ADDED ENTRY--TOPICAL TERM | |
| Topical term or geographic name as entry element | Business presentations -- Graphic methods -- Computer programs. |
| 650 ## - SUBJECT ADDED ENTRY--TOPICAL TERM | |
| Topical term or geographic name as entry element | Microsoft Access. |
| 650 ## - SUBJECT ADDED ENTRY--TOPICAL TERM | |
| Topical term or geographic name as entry element | Microsoft Excel (Computer file). |
| 650 ## - SUBJECT ADDED ENTRY--TOPICAL TERM | |
| Topical term or geographic name as entry element | Microsoft Office. |
| 650 ## - SUBJECT ADDED ENTRY--TOPICAL TERM | |
| General subdivision | Business -- Computer programs. |
| 650 ## - SUBJECT ADDED ENTRY--TOPICAL TERM | |
| General subdivision | Microsoft PowerPoint (Computer file). |
| 650 ## - SUBJECT ADDED ENTRY--TOPICAL TERM | |
| General subdivision | Microsoft Word. |
| Withdrawn status | Lost status | Damaged status | Home library | Current library | Shelving location | Date acquired | Total Checkouts | Full call number | Barcode | Date last seen | Price effective from | Koha item type |
|---|---|---|---|---|---|---|---|---|---|---|---|---|
| South Mansfield College | South Mansfield College | 02/04/2008 | ComSc HF 5548.4 .M525S54 2008 | SMC05053 | 09/01/2016 | 09/01/2016 |